000 00433nam a2200157Ia 4500
003 GCL
008 140319s9999 xx 000 0 eng d
040 _aGCL /
_cGCL
082 0 4 _a684.08
_bS S
100 1 _aSABERIN, GLORIA
245 1 0 _aSOUTHWESTEM COUNTRY CLASSICS: EARLY AMERICAN WOOD WORKING PROJECTS /
_cSABERIN, GLORIA
260 _a[S.N] :
_bTAB BOOKS ،
_c1993
300 _a158 P
650 0 4 _aWOOD WORK
942 _2ddc
_cBK
999 _c20981
_d20981